[Event "ESP-ch FEDC 28th"]
[Site "Ubeda"]
[Date "2019.11.25"]
[Round "7"]
[White "Aguilar Sevilla, Diego"]
[Black "Diez Asensio, Jesus"]
[Result "1-0"]
[WhiteElo "2081"]
[BlackElo "1771"]
[PlyCount "63"]
[EventDate "2019.11.19"]
[EventType "swiss"]
[EventRounds "8"]
[EventCountry "ESP"]
[SourceTitle "EXT 2024"]
[Source "ChessBase"]
[SourceDate "2023.10.10"]
[SourceVersion "1"]
[SourceVersionDate "2023.10.10"]
[SourceQuality "1"]

1. Nf3 d5 2. b3 Bg4 3. e3 Nd7 4. h3 Bh5 5. Bb2 Ngf6 6. c4 c6 7. Be2 e6 8. 0-0 Bd6 9. d3 0-0 10. Nbd2 a5 11. a3 Re8 12. Qb1 Qe7 13. e4 dxe4 14. dxe4 e5 15. Re1 Nc5 16. Bd1 Qc7 17. b4 axb4 18. axb4 Rxa1 19. Bxa1 Ncd7 20. c5 Bf8 21. Nc4 b6 22. cxb6 Nxb6 23. Bxe5 Qb7 24. Na5 Qa8 25. Bxf6 gxf6 26. Nd4 Bg6 27. Naxc6 Nd5 28. Bf3 Qb7 29. b5 Bh6 30. Nf5 Bxf5 31. exf5 Rxe1+ 32. Qxe1 1-0

[Event "ESP-ch FEDC 28th"]
[Site "Ubeda"]
[Date "2019.11.23"]
[Round "5"]
[White "Draghici Flutur, Gavril"]
[Black "Aguilar Sevilla, Diego"]
[Result "1-0"]
[WhiteElo "2110"]
[BlackElo "2081"]
[PlyCount "99"]
[EventDate "2019.11.19"]
[EventType "swiss"]
[EventRounds "8"]
[EventCountry "ESP"]
[SourceTitle "EXT 2024"]
[Source "ChessBase"]
[SourceDate "2023.10.10"]
[SourceVersion "1"]
[SourceVersionDate "2023.10.10"]
[SourceQuality "1"]

1. e4 e5 2. Nc3 Nf6 3. g3 d5 4. exd5 Nxd5 5. Bg2 Nxc3 6. bxc3 Nc6 7. Rb1 Bc5 8. Ne2 Bb6 9. 0-0 0-0 10. c4 Bg4 11. h3 Be6 12. d3 Qd7 13. Kh2 Rad8 14. Nc3 f6 15. Ba3 Rfe8 16. Ne4 Qc8 17. Qc1 Nd4 18. c3 Nf5 19. c5 Ba5 20. Rxb7 Qxb7 21. Nxf6+ gxf6 22. Bxb7 Rxd3 23. Bb4 Bxb4 24. cxb4 Rb8 25. Ba6 Rd4 26. a3 Rbd8 27. Be2 Rd2 28. Rd1 Rxd1 29. Bxd1 Kg7 30. Bg4 Kg6 31. Be2 Nd4 32. Bc4 Bf5 33. Qe3 h5 34. Be2 e4 35. g4 hxg4 36. hxg4 Bc8 37. Qxe4+ f5 38. gxf5+ Bxf5 39. Qg2+ Kf6 40. Bc4 Rh8+ 41. Kg1 Rh4 42. f3 Nxf3+ 43. Qxf3 Rxc4 44. Qc6+ Kg5 45. Qxc7 Rc1+ 46. Kf2 Rc2+ 47. Ke1 Rc1+ 48. Kd2 Rc2+ 49. Kd1 Kg4 50. Qxa7 1-0

[Event "IBCA Wch blind 14th"]
[Site "Cagliari"]
[Date "2019.04.13"]
[Round "8"]
[White "Dimic, Pavle"]
[Black "Aguilar Sevilla, Diego"]
[Result "1-0"]
[WhiteElo "2333"]
[BlackElo "2124"]
[PlyCount "93"]
[EventDate "2019.04.06"]
[EventType "swiss"]
[EventRounds "9"]
[EventCountry "ITA"]
[SourceTitle "CBM 189 Extra"]
[Source "ChessBase"]
[SourceDate "2019.06.03"]
[SourceVersion "1"]
[SourceVersionDate "2019.06.03"]
[SourceQuality "1"]

1. d4 Nf6 2. Nf3 e6 3. c4 Bb4+ 4. Bd2 Qe7 5. g3 Nc6 6. Bg2 Bxd2+ 7. Nbxd2 a5 8. 0-0 d6 9. e4 e5 10. d5 Nb8 11. Ne1 h5 12. h3 h4 13. g4 Nbd7 14. b3 Nh7 15. a3 Ng5 16. b4 b6 17. Nd3 0-0 18. Qc2 g6 19. Rae1 axb4 20. axb4 f6 21. Nb1 Qh7 22. Nc3 f5 23. f3 Nf6 24. Qc1 Qh6 25. Nb5 Ne8 26. exf5 gxf5 27. f4 Nxh3+ 28. Bxh3 fxg4 29. fxe5 Qxc1 30. Rxf8+ Kxf8 31. Rxc1 dxe5 32. Bg2 h3 33. Bh1 g3 34. Bf3 e4 35. Bxe4 Ra2 36. Rf1+ Kg7 37. Nf4 Nf6 38. Bf3 Ng4 39. Nh5+ Kh6 40. Nxg3 h2+ 41. Kh1 Ne3 42. Re1 Ng4 43. Nxc7 Kg5 44. Ne6+ Bxe6 45. dxe6 Nf2+ 46. Kxh2 Kf4 47. Re2 1-0

[Event "ESP-ch FEDC 27th"]
[Site "Almunecar"]
[Date "2018.11.29"]
[Round "4"]
[White "Clemente Llamero, Roberto"]
[Black "Aguilar Sevilla, Diego"]
[Result "1/2-1/2"]
[WhiteElo "2063"]
[BlackElo "2063"]
[PlyCount "78"]
[EventDate "2018.11.26"]
[EventType "swiss"]
[EventRounds "8"]
[EventCountry "ESP"]
[SourceTitle "EXT 2024"]
[Source "ChessBase"]
[SourceDate "2023.10.10"]
[SourceVersion "1"]
[SourceVersionDate "2023.10.10"]
[SourceQuality "1"]

1. e4 e5 2. Nf3 Nc6 3. Bc4 Nf6 4. d3 Be7 5. 0-0 0-0 6. c3 d5 7. exd5 Nxd5 8. Re1 Bg4 9. Qe2 Bh5 10. Nbd2 Nf4 11. Qf1 Bd6 12. g3 Ne6 13. Qh3 Bg6 14. Ne4 Qc8 15. Nh4 Ne7 16. Nxg6 Nxg6 17. Bxe6 Qxe6 18. Qxe6 fxe6 19. Be3 h6 20. Rad1 b6 21. Bc1 Rad8 22. d4 exd4 23. Rxd4 Ne5 24. Nd2 Nc6 25. Rde4 e5 26. R4e2 Ne7 27. Ne4 Rf7 28. Be3 Rdf8 29. Rd1 Nf5 30. Bc1 Rd7 31. Kg2 Rfd8 32. Red2 Kf7 33. Kf3 Ke6 34. h4 Be7 35. Rxd7 Rxd7 36. Rxd7 Kxd7 37. Kg4 Ke6 38. Kh5 Kf7 39. Kg4 Ke6 1/2-1/2

[Event "ESP-ch FEDC 26th"]
[Site "Ciudad Real"]
[Date "2017.11.17"]
[Round "6.2"]
[White "Olivera Gutierrez, Albert"]
[Black "Aguilar Sevilla, Diego"]
[Result "1/2-1/2"]
[WhiteElo "2012"]
[BlackElo "2142"]
[PlyCount "84"]
[EventDate "2017.11.12"]
[EventType "swiss"]
[EventRounds "8"]
[EventCountry "ESP"]
[SourceTitle "EXT 2024"]
[Source "ChessBase"]
[SourceDate "2023.10.10"]
[SourceVersion "1"]
[SourceVersionDate "2023.10.10"]
[SourceQuality "1"]

1. d4 Nf6 2. Nf3 e6 3. g3 b5 4. Bg2 Bb7 5. Nbd2 c5 6. dxc5 Na6 7. c4 b4 8. Nb3 Nxc5 9. Nxc5 Bxc5 10. 0-0 0-0 11. Bg5 d6 12. Qb3 a5 13. Rad1 a4 14. Qd3 h6 15. Be3 Be4 16. Qd2 Bxe3 17. Qxe3 Qc7 18. Rc1 Ra5 19. Rfd1 Rc5 20. b3 axb3 21. axb3 Rd8 22. Qd2 Qb7 23. Ra1 Bc6 24. Ne1 Bxg2 25. Nxg2 Ne4 26. Qe3 Ra8 27. f3 Nc3 28. Rxa8+ Qxa8 29. Rxd6 Qa1+ 30. Kf2 Re5 31. Qxe5 Nd1+ 32. Rxd1 Qxe5 33. Rd3 f5 34. Nf4 Qc5+ 35. Kg2 Kf7 36. Rd7+ Ke8 37. Rd3 Ke7 38. h4 g5 39. hxg5 hxg5 40. Nh3 Kf6 41. Nf2 Qc6 42. g4 Qc5 1/2-1/2

[Event "ESP-ch FEDC 26th"]
[Site "Ciudad Real"]
[Date "2017.11.15"]
[Round "4.3"]
[White "Fernandez Lago, David"]
[Black "Aguilar Sevilla, Diego"]
[Result "1/2-1/2"]
[WhiteElo "1946"]
[BlackElo "2142"]
[PlyCount "58"]
[EventDate "2017.11.12"]
[EventType "swiss"]
[EventRounds "8"]
[EventCountry "ESP"]
[SourceTitle "EXT 2024"]
[Source "ChessBase"]
[SourceDate "2023.10.10"]
[SourceVersion "1"]
[SourceVersionDate "2023.10.10"]
[SourceQuality "1"]

1. e4 c6 2. Nc3 d5 3. Nf3 Bg4 4. h3 Bxf3 5. Qxf3 Nf6 6. b3 dxe4 7. Nxe4 Nxe4 8. Qxe4 Qd5 9. Qe3 e6 10. Bb2 Bc5 11. Qe5 Qxe5+ 12. Bxe5 0-0 13. Bc3 Rd8 14. a4 a5 15. Bd3 Nd7 16. Rf1 Bb6 17. Be4 f5 18. Bf3 Kf7 19. 0-0-0 Nf6 20. g4 Bd4 21. g5 Bxc3 22. dxc3 Nd5 23. Bxd5 Rxd5 24. Rxd5 exd5 25. Re1 Rd8 26. Re5 g6 27. Kd2 Rd6 28. Kd3 b6 29. f4 Re6 1/2-1/2

[Event "ESP-ch FEDC 26th"]
[Site "Ciudad Real"]
[Date "2017.11.14"]
[Round "3.5"]
[White "Aguilar Sevilla, Diego"]
[Black "Martinez Colomar, Alejandro"]
[Result "1-0"]
[WhiteElo "2142"]
[BlackElo "1878"]
[PlyCount "73"]
[EventDate "2017.11.12"]
[EventType "swiss"]
[EventRounds "8"]
[EventCountry "ESP"]
[SourceTitle "EXT 2024"]
[Source "ChessBase"]
[SourceDate "2023.10.10"]
[SourceVersion "1"]
[SourceVersionDate "2023.10.10"]
[SourceQuality "1"]

1. d4 Nf6 2. Nf3 g6 3. g3 Bg7 4. Bg2 d6 5. 0-0 0-0 6. a4 c6 7. a5 Qc7 8. Nc3 e5 9. e4 exd4 10. Nxd4 Bg4 11. f3 Be6 12. Nxe6 fxe6 13. e5 dxe5 14. Bh3 Re8 15. Qe2 Nbd7 16. Ne4 Nxe4 17. fxe4 Nf8 18. Be3 b6 19. b4 c5 20. Qc4 Qc6 21. axb6 axb6 22. Rxa8 Rxa8 23. bxc5 bxc5 24. Qxc5 Qxc5 25. Bxc5 Rc8 26. Bxf8 Rxf8 27. Bxe6+ Kh8 28. Rb1 Bh6 29. Rb3 Kg7 30. Bd5 Rc8 31. Rb7+ Kf6 32. h4 Be3+ 33. Kg2 g5 34. Kf3 Rc3 35. Kg4 Kg6 36. h5+ Kh6 37. Bg8 1-0

[Event "ESP-ch FEDC 26th"]
[Site "Ciudad Real"]
[Date "2017.11.13"]
[Round "2.2"]
[White "Aguilar Sevilla, Diego"]
[Black "Diez Asensio, Jesus"]
[Result "1/2-1/2"]
[WhiteElo "2142"]
[BlackElo "1833"]
[PlyCount "99"]
[EventDate "2017.11.12"]
[EventType "swiss"]
[EventRounds "8"]
[EventCountry "ESP"]
[SourceTitle "EXT 2024"]
[Source "ChessBase"]
[SourceDate "2023.10.10"]
[SourceVersion "1"]
[SourceVersionDate "2023.10.10"]
[SourceQuality "1"]

1. e4 e5 2. Nf3 Nc6 3. Bb5 Bc5 4. 0-0 Nd4 5. Nxd4 Bxd4 6. c3 Bb6 7. Na3 c6 8. Ba4 Nf6 9. d4 d6 10. d5 Bd7 11. dxc6 Bxc6 12. Bxc6+ bxc6 13. Qa4 0-0 14. Bg5 h6 15. Bxf6 Qxf6 16. Qxc6 Rac8 17. Qd5 Rc5 18. Qd3 Rd8 19. c4 Qe6 20. b3 Rcc8 21. Rad1 a6 22. Nc2 a5 23. Na3 a4 24. Nb5 axb3 25. axb3 Ba5 26. Ra1 Bb4 27. Ra4 Bc5 28. Rd1 Qf6 29. Qd2 Ra8 30. Rxa8 Rxa8 31. b4 Bb6 32. Nxd6 Bd4 33. Nf5 Qb6 34. c5 Qd8 35. Kf1 Qb8 36. Nxd4 exd4 37. Qxd4 Qxh2 38. f3 Ra2 39. Rd2 Qh1+ 40. Kf2 Ra1 41. Qd8+ Kh7 42. Ke3 Qe1+ 43. Kf4 g5+ 44. Kf5 Qe3 45. Qd6 Ra6 46. Qc7 Ra7 47. Qd6 Ra6 48. Qc7 Ra7 49. Qd6 Ra6 50. Qc7 1/2-1/2

[Event "ESP-ch FEDC 26th"]
[Site "Ciudad Real"]
[Date "2017.11.12"]
[Round "1.2"]
[White "Mendez Manturano, Miguel Eduardo"]
[Black "Aguilar Sevilla, Diego"]
[Result "0-1"]
[WhiteElo "1700"]
[BlackElo "2142"]
[PlyCount "94"]
[EventDate "2017.11.12"]
[EventType "swiss"]
[EventRounds "8"]
[EventCountry "ESP"]
[SourceTitle "EXT 2024"]
[Source "ChessBase"]
[SourceDate "2023.10.10"]
[SourceVersion "1"]
[SourceVersionDate "2023.10.10"]
[SourceQuality "1"]

1. e4 d6 2. Nc3 e5 3. g3 Nf6 4. Bg2 Be7 5. Nge2 c6 6. d4 Nbd7 7. 0-0 b5 8. d5 Bb7 9. a4 cxd5 10. Nxd5 Nxd5 11. exd5 bxa4 12. Nc3 0-0 13. Rxa4 Nc5 14. Ra1 a5 15. Ne4 Nxe4 16. Bxe4 f5 17. Bg2 Bf6 18. Be3 Qc7 19. b3 f4 20. Bd2 e4 21. Bxe4 Bxa1 22. Qxa1 fxg3 23. hxg3 a4 24. bxa4 Qc4 25. f3 Rxa4 26. Qb2 Bxd5 27. Bxd5+ Qxd5 28. Bf4 Ra2 29. Qc3 Qc5+ 30. Qxc5 dxc5 31. Bd6 Rc8 32. Rf2 Rc6 33. Be5 Rb6 34. Kg2 Rb1 35. f4 g6 36. Kf3 Kf7 37. g4 Rc1 38. c3 Rxf2+ 39. Kxf2 Ke6 40. Ke2 Kd5 41. Kd2 Rg1 42. g5 Kc4 43. Kc2 Rh1 44. Bg7 Rf1 45. Be5 Rf2+ 46. Kb1 Kb3 47. Kc1 Rc2+ 0-1

[Event "Madrid FEDC-ch 25th"]
[Site "Madrid"]
[Date "2016.11.09"]
[Round "4"]
[White "Aguilar Sevilla, Diego"]
[Black "Fernandez Manrique, Agustin"]
[Result "0-1"]
[WhiteElo "2135"]
[BlackElo "2149"]
[PlyCount "74"]
[EventDate "2016.11.06"]
[EventType "swiss"]
[EventRounds "8"]
[EventCountry "ESP"]
[SourceTitle "CBM 175 Extra"]
[Source "ChessBase"]
[SourceDate "2016.12.12"]
[SourceVersion "1"]
[SourceVersionDate "2016.12.12"]
[SourceQuality "1"]

1. e4 e6 2. d4 d5 3. Nc3 Bb4 4. exd5 exd5 5. Bd3 Nc6 6. a3 Ba5 7. Be3 Nf6 8. Nge2 Bg4 9. f3 Bh5 10. Nf4 Bg6 11. Nxg6 hxg6 12. Qd2 Bb6 13. Ne2 Ne7 14. g4 Qd7 15. 0-0-0 0-0-0 16. h4 Kb8 17. Nf4 c6 18. h5 gxh5 19. g5 Ne8 20. Nxh5 g6 21. Nf6 Nxf6 22. gxf6 Nf5 23. Bf4+ Bc7 24. Bxc7+ Kxc7 25. Rxh8 Rxh8 26. Re1 Re8 27. Rxe8 Qxe8 28. Bxf5 gxf5 29. Qf4+ Kb6 30. Qe5 Qg8 31. b4 Qg2 32. f4 Kb5 33. Kb2 Qe4 34. Kb3 Qf3+ 35. Kb2 Ka4 36. c3 Qf2+ 37. Kc1 Kb3 0-1

[Event "Madrid FEDC-ch 25th"]
[Site "Madrid"]
[Date "2016.11.06"]
[Round "1"]
[White "Llaneras Henarejos, Miguel"]
[Black "Aguilar Sevilla, Diego"]
[Result "0-1"]
[WhiteElo "1656"]
[BlackElo "2135"]
[PlyCount "78"]
[EventDate "2016.11.06"]
[EventType "swiss"]
[EventRounds "8"]
[EventCountry "ESP"]
[SourceTitle "CBM 175 Extra"]
[Source "ChessBase"]
[SourceDate "2016.12.12"]
[SourceVersion "1"]
[SourceVersionDate "2016.12.12"]
[SourceQuality "1"]

1. d4 Nf6 2. c4 e6 3. Nc3 Bb4 4. Bg5 h6 5. Bh4 c5 6. d5 Bxc3+ 7. bxc3 d6 8. e3 Qe7 9. Nf3 Nbd7 10. Bd3 Nb6 11. Bxf6 Qxf6 12. Rc1 0-0 13. e4 exd5 14. cxd5 Re8 15. c4 Bg4 16. 0-0 Nd7 17. Re1 Bxf3 18. Qxf3 Qxf3 19. gxf3 Ne5 20. Re3 g5 21. Kg2 Re7 22. Kg3 Ng6 23. a4 Rae8 24. Rce1 Nh4 25. Bc2 Ng6 26. Bd3 Kg7 27. Bf1 h5 28. h3 Ne5 29. h4 f6 30. Be2 Kh6 31. hxg5+ fxg5 32. Rh1 h4+ 33. Kg2 Rf8 34. Kh3 Ref7 35. Kg2 g4 36. Rxh4+ Kg5 37. Kg3 gxf3 38. Bf1 Rg7 39. Rh3 Kf6+ 0-1

[Event "Linares FEDC-ch 24th"]
[Site "Linares"]
[Date "2014.11.20"]
[Round "5"]
[White "Aguilar Sevilla, Diego"]
[Black "Fernandez Lago, David"]
[Result "1-0"]
[WhiteElo "2105"]
[BlackElo "2000"]
[PlyCount "93"]
[EventDate "2014.11.16"]
[EventType "swiss"]
[EventRounds "8"]
[EventCountry "ESP"]
[SourceTitle "CBM 163 Extra"]
[Source "ChessBase"]
[SourceDate "2014.12.23"]
[SourceVersion "1"]
[SourceVersionDate "2014.12.23"]
[SourceQuality "1"]

1. e4 c5 2. Nf3 d6 3. Bb5+ Bd7 4. Bxd7+ Qxd7 5. 0-0 Nc6 6. c3 g6 7. d4 cxd4 8. cxd4 Bg7 9. Nc3 Nf6 10. d5 Ne5 11. Nxe5 dxe5 12. Qb3 0-0 13. f3 Ne8 14. Be3 Nd6 15. a4 f5 16. Rac1 f4 17. Bc5 g5 18. Nb5 a6 19. Nxd6 exd6 20. Bb6 Rac8 21. Qb4 Bf6 22. b3 Bd8 23. Bf2 g4 24. Rxc8 Qxc8 25. Qxd6 gxf3 26. gxf3 Rf6 27. Qxe5 Rg6+ 28. Kh1 Qh3 29. Qe8+ Kg7 30. Bd4+ Kh6 31. Qf8+ Kh5 32. Qf5+ Qxf5 33. exf5 Rd6 34. Be5 Rxd5 35. Bxf4 Rxf5 36. Bg3 Rd5 37. Kg2 Rd3 38. Rb1 Rd2+ 39. Kh3 Rd3 40. Kg2 Rd2+ 41. Kf1 Bb6 42. Re1 Bd4 43. Re7 Kg6 44. Rxb7 Rd3 45. Rd7 Rxf3+ 46. Kg2 Rd3 47. Bf2 1-0

[Event "Linares FEDC-ch 24th"]
[Site "Linares"]
[Date "2014.11.18"]
[Round "3"]
[White "Aguilar Sevilla, Diego"]
[Black "Coves Sepulcre, Laureano"]
[Result "1-0"]
[WhiteElo "2105"]
[BlackElo "1840"]
[PlyCount "85"]
[EventDate "2014.11.16"]
[EventType "swiss"]
[EventRounds "8"]
[EventCountry "ESP"]
[SourceTitle "CBM 163 Extra"]
[Source "ChessBase"]
[SourceDate "2014.12.23"]
[SourceVersion "1"]
[SourceVersionDate "2014.12.23"]
[SourceQuality "1"]

1. e4 e5 2. Nf3 Nf6 3. d4 Nxe4 4. Bd3 d5 5. dxe5 Be7 6. 0-0 Nc5 7. Nc3 Nxd3 8. Qxd3 c6 9. Nd4 0-0 10. f4 Nd7 11. Kh1 Nc5 12. Qe3 Ne6 13. f5 Nxd4 14. Qxd4 Re8 15. Be3 Bg5 16. Rae1 Bd7 17. f6 gxf6 18. exf6 Rxe3 19. Rxe3 Bxe3 20. Qxe3 Kh8 21. Qg3 Qf8 22. Qc7 Qc8 23. Qd6 Be6 24. Ne2 Qd7 25. Qf4 Rg8 26. Nd4 a6 27. Nf3 Qd8 28. Ne5 Qe8 29. h3 Qf8 30. Rf3 Qc5 31. Rg3 Qf8 32. Kh2 Qe8 33. Qh6 Rxg3 34. Kxg3 Qg8+ 35. Kh2 Bf5 36. c3 Be6 37. g4 Bc8 38. Kg3 Be6 39. Kf4 Bc8 40. h4 Be6 41. g5 c5 42. h5 d4 43. g6 1-0

[Event "Canet de Mar Tancat del Maresme 5th"]
[Site "Canet de Mar"]
[Date "2012.05.19"]
[Round "6.1"]
[White "Aguilar Sevilla, Diego"]
[Black "Ayllon Rodriguez, Joan Pedro"]
[Result "0-1"]
[WhiteElo "2213"]
[BlackElo "2197"]
[PlyCount "48"]
[EventDate "2012.04.14"]
[EventType "swiss"]
[EventRounds "9"]
[EventCountry "ESP"]
[SourceTitle "EXT 2024"]
[Source "ChessBase"]
[SourceDate "2023.10.10"]
[SourceVersion "1"]
[SourceVersionDate "2023.10.10"]
[SourceQuality "1"]

1. e4 c5 2. Nf3 Nc6 3. Bb5 e6 4. Bxc6 bxc6 5. 0-0 d6 6. b3 e5 7. h3 Be7 8. c3 g5 9. d4 exd4 10. cxd4 g4 11. hxg4 Bxg4 12. Bb2 cxd4 13. Bxd4 Bf6 14. Bxf6 Qxf6 15. Nbd2 Ne7 16. e5 dxe5 17. Ne4 Qf4 18. Nd6+ Kf8 19. Re1 Rg8 20. Re4 Qxf3 21. gxf3 Bxf3+ 22. Kf1 Bxd1 23. Rxd1 Rd8 24. Ke2 Nd5 0-1

[Event "ESP-ch blind 22nd"]
[Site "Benidorm"]
[Date "2010.11.20"]
[Round "7"]
[White "Clemente Llamero, Roberto"]
[Black "Aguilar Sevilla, Diego"]
[Result "1-0"]
[WhiteElo "2141"]
[BlackElo "2123"]
[PlyCount "77"]
[EventDate "2010.11.14"]
[EventType "swiss"]
[EventRounds "8"]
[EventCountry "ESP"]
[SourceTitle "CBM 139 Extra"]
[Source "ChessBase"]
[SourceDate "2011.01.05"]
[SourceVersion "1"]
[SourceVersionDate "2011.01.05"]
[SourceQuality "1"]

1. e4 e5 2. Nf3 Nc6 3. Bb5 a6 4. Ba4 Nf6 5. 0-0 Be7 6. Re1 b5 7. Bb3 d6 8. c3 0-0 9. h3 Na5 10. Bc2 c5 11. d4 Nd7 12. Nbd2 cxd4 13. cxd4 Nc6 14. d5 Nb4 15. Bb1 a5 16. a3 Na6 17. b4 Nb6 18. Qb3 Na4 19. Nf1 axb4 20. axb4 Bd7 21. Bd2 Rc8 22. Bd3 Nc7 23. Rec1 Ne8 24. Rxc8 Qxc8 25. Rc1 Qb8 26. Qc2 Bd8 27. Be3 g6 28. N3d2 f5 29. f3 f4 30. Bf2 h5 31. Nb3 Bb6 32. Na5 Nf6 33. Nc6 Qb7 34. Kh1 Bxf2 35. Qxf2 g5 36. Nh2 Kf7 37. Qe2 g4 38. Bxb5 Qa8 39. Ra1 1-0

[Event "IBCA Wch blind 12th"]
[Site "Belgrade"]
[Date "2010.09.03"]
[Round "8.20"]
[White "Aguilar Sevilla, Diego"]
[Black "Berggren, Patrik"]
[Result "1-0"]
[WhiteElo "2136"]
[BlackElo "1924"]
[PlyCount "43"]
[EventDate "2010.08.26"]
[EventType "swiss"]
[EventRounds "9"]
[EventCountry "SRB"]
[SourceTitle "EXT 2011"]
[Source "ChessBase"]
[SourceDate "2010.11.26"]
[SourceVersion "1"]
[SourceVersionDate "2010.11.26"]
[SourceQuality "1"]

1. d4 Nf6 2. c4 e6 3. Nc3 Bb4 4. e3 c5 5. Bd3 0-0 6. Nf3 d5 7. 0-0 dxc4 8. Bxc4 cxd4 9. exd4 b6 10. Qe2 Bb7 11. Rd1 Nd5 12. Bg5 Nxc3 13. bxc3 Be7 14. Bxe7 Qxe7 15. d5 Kh8 16. dxe6 fxe6 17. Ne5 Qg5 18. f4 Qe7 19. Qh5 Be4 20. Rd4 Qb7 21. Nf7+ Kg8 22. Bxe6 1-0

[Event "ESP-chT1 Once"]
[Site "Fuengirola"]
[Date "2009.11.25"]
[Round "4.1"]
[White "Mejias Gonzalez, Javier"]
[Black "Aguilar Sevilla, Diego"]
[Result "1/2-1/2"]
[WhiteElo "1952"]
[BlackElo "2099"]
[PlyCount "81"]
[EventDate "2009.11.22"]
[EventType "team-tourn"]
[EventRounds "7"]
[EventCountry "ESP"]
[SourceTitle "CBM 133 Extra"]
[Source "ChessBase"]
[SourceDate "2010.01.05"]
[SourceVersion "1"]
[SourceVersionDate "2010.01.05"]
[SourceQuality "1"]

1. e4 d6 2. g3 Nf6 3. Bg2 g6 4. d3 Bg7 5. f4 c5 6. c3 Nc6 7. Nf3 0-0 8. 0-0 Rb8 9. Nbd2 b5 10. Re1 b4 11. d4 bxc3 12. bxc3 cxd4 13. cxd4 Nb4 14. Nb3 Ba6 15. Ba3 Qb6 16. Bxb4 Qxb4 17. Qd2 Rfc8 18. Qxb4 Rxb4 19. Nfd2 Ne8 20. e5 Nc7 21. Bh3 Rd8 22. Rac1 Nd5 23. Bg2 dxe5 24. dxe5 Ra4 25. Rc5 e6 26. Ra5 Rxa5 27. Nxa5 Rc8 28. Nab3 Rc2 29. Rc1 Rxa2 30. Bxd5 exd5 31. Rc5 d4 32. Rc7 Be2 33. Rc8+ Bf8 34. Ne4 d3 35. Nbd2 Kg7 36. Rc7 Rc2 37. Rxa7 Rxd2 38. e6 Rd1+ 39. Kf2 d2 40. Rxf7+ Kh6 41. Kxe2 1/2-1/2

[Event "ESP-chT1 Once"]
[Site "Fuengirola"]
[Date "2009.11.24"]
[Round "3.1"]
[White "Lococo Cobo, Nicola"]
[Black "Aguilar Sevilla, Diego"]
[Result "0-1"]
[WhiteElo "2074"]
[BlackElo "2099"]
[PlyCount "74"]
[EventDate "2009.11.22"]
[EventType "team-tourn"]
[EventRounds "7"]
[EventCountry "ESP"]
[SourceTitle "CBM 133 Extra"]
[Source "ChessBase"]
[SourceDate "2010.01.05"]
[SourceVersion "1"]
[SourceVersionDate "2010.01.05"]
[SourceQuality "1"]

1. d4 Nf6 2. Bg5 d5 3. e3 c5 4. c3 Nc6 5. Nd2 e6 6. f4 Be7 7. Ngf3 Qc7 8. Bd3 h6 9. Bh4 cxd4 10. cxd4 Nb4 11. Qe2 Nxd3+ 12. Qxd3 Bd7 13. 0-0 Qb6 14. Qb3 Qxb3 15. Nxb3 Ne4 16. Bxe7 Kxe7 17. Rfe1 b6 18. h3 Nf6 19. Nbd2 Rhc8 20. Rec1 Ne8 21. Kf2 Nd6 22. Ng1 Nc4 23. Nxc4 dxc4 24. Ne2 b5 25. b3 cxb3 26. axb3 Rxc1 27. Nxc1 a5 28. Nd3 a4 29. bxa4 bxa4 30. Nc5 a3 31. Nxd7 Kxd7 32. Ke2 a2 33. g4 Kc6 34. Kd3 Kb5 35. Ke4 Kb4 36. f5 Ra5 37. d5 exd5+ 0-1

[Event "Bilbao-ch blind 21st"]
[Site "Bilbao"]
[Date "2008.11.22"]
[Round "7"]
[White "Aguilar Sevilla, Diego"]
[Black "Palacios Perez, Manuel"]
[Result "0-1"]
[WhiteElo "2149"]
[BlackElo "2195"]
[PlyCount "56"]
[EventDate "2008.11.16"]
[EventType "swiss"]
[EventRounds "8"]
[EventCountry "ESP"]
[SourceTitle "CBM 127 Extra"]
[Source "ChessBase"]
[SourceDate "2009.01.08"]
[SourceVersion "2"]
[SourceVersionDate "2009.01.28"]
[SourceQuality "1"]

1. e4 c5 2. Nf3 d6 3. d4 cxd4 4. Nxd4 Nf6 5. Nc3 Nc6 6. Bg5 Bd7 7. Qd2 Rc8 8. 0-0-0 Nxd4 9. Qxd4 Qa5 10. f4 Qc5 11. e5 Qxd4 12. Rxd4 dxe5 13. fxe5 Ng4 14. e6 Bxe6 15. Bb5+ Rc6 16. Rhd1 f6 17. Bxc6+ bxc6 18. Bf4 Kf7 19. h3 g5 20. Bb8 Ne3 21. R1d2 Bh6 22. Rd8 Rxd8 23. Rxd8 Nxg2 24. Kb1 a6 25. Rd3 Bf5 26. Rf3 Bxc2+ 27. Ka1 Nf4 28. h4 e5 0-1

[Event "Bilbao-ch blind 21st"]
[Site "Bilbao"]
[Date "2008.11.20"]
[Round "5"]
[White "Aguilar Sevilla, Diego"]
[Black "Garcia Magadan, Ramon"]
[Result "1-0"]
[WhiteElo "2149"]
[BlackElo "1921"]
[PlyCount "59"]
[EventDate "2008.11.16"]
[EventType "swiss"]
[EventRounds "8"]
[EventCountry "ESP"]
[SourceTitle "CBM 127 Extra"]
[Source "ChessBase"]
[SourceDate "2009.01.08"]
[SourceVersion "2"]
[SourceVersionDate "2009.01.28"]
[SourceQuality "1"]

1. c4 e6 2. Nc3 d5 3. d4 Nf6 4. cxd5 exd5 5. Bg5 c6 6. e3 Bf5 7. g4 Bg6 8. h3 Be7 9. Nge2 Ne4 10. Bxe7 Qxe7 11. Bg2 Nd7 12. Bxe4 Bxe4 13. Nxe4 Qxe4 14. Ng3 Qe6 15. Qb3 0-0 16. 0-0-0 a5 17. Kb1 a4 18. Qc2 a3 19. b3 c5 20. dxc5 Qe5 21. Rd4 g6 22. Rhd1 Nf6 23. Ne2 Rac8 24. Nf4 Rfd8 25. Qc1 b6 26. c6 Rd6 27. Qxa3 Ne4 28. Nd3 Qf6 29. g5 Nxg5 30. Nb4 1-0

[Event "IBCA-ol blind 13th"]
[Site "Heraklion"]
[Date "2008.10.27"]
[Round "8.2"]
[White "Gunajew, Rafal"]
[Black "Aguilar Sevilla, Diego"]
[Result "1/2-1/2"]
[WhiteElo "2233"]
[BlackElo "2149"]
[PlyCount "121"]
[EventDate "2008.10.19"]
[EventType "team-swiss"]
[EventRounds "9"]
[EventCountry "GRE"]
[SourceTitle "EXT 2010"]
[Source "ChessBase"]
[SourceDate "2010.11.25"]
[SourceVersion "1"]
[SourceVersionDate "2010.11.25"]
[SourceQuality "1"]
[WhiteTeam "Poland (blind)"]
[BlackTeam "Spain (blind)"]
[WhiteTeamCountry "POL"]
[BlackTeamCountry "ESP"]

1. e4 e5 2. Nf3 Nc6 3. Nc3 Nf6 4. Bb5 Bb4 5. 0-0 0-0 6. d3 Bxc3 7. bxc3 d6 8. h3 Ne7 9. Nh4 Ng6 10. Nxg6 fxg6 11. f4 exf4 12. Bxf4 Be6 13. Ba4 Qe7 14. Bb3 Rf7 15. Rf3 Raf8 16. Be3 d5 17. exd5 Bxd5 18. Bd2 Qc5+ 19. Kh1 Nh5 20. d4 Bxf3 21. Qxf3 Qf5 22. Qxf5 gxf5 23. Kg1 Nf6 24. Bf4 c6 25. Bxf7+ Kxf7 26. c4 Re8 27. c5 Nd5 28. Be5 Nc3 29. a4 Rd8 30. Kf2 g6 31. Ke3 Ke6 32. Kd3 Ne4 33. Kc4 Nd2+ 34. Kb4 Kd5 35. Bf4 Ne4 36. a5 a6 37. Re1 Ke6 38. Kc4 Rd7 39. c3 Kf6 40. g4 g5 41. Be5+ Ke6 42. gxf5+ Kxf5 43. Rf1+ Ke6 44. Rf8 h5 45. h4 gxh4 46. Rf4 Nd2+ 47. Kd3 Nb3 48. Rxh4 Rh7 49. Bg3 Rf7 50. Kc2 Nxa5 51. Rxh5 Rf3 52. Re5+ Kd7 53. Bh4 Nc4 54. Re7+ Kc8 55. Bg5 b5 56. cxb6 Nxb6 57. Ra7 Nd5 58. Rxa6 Rxc3+ 59. Kd2 Kb7 60. Ra1 Rg3 61. Bh6 1/2-1/2